[Event "BCF-chT2 0304 (4NCL)"]
[Site "West Bromwich"]
[Date "2004.05.22"]
[Round "10.2"]
[White "Carleton, John Joseph"]
[Black "Posazhennikov, Alex"]
[Result "1/2-1/2"]
[WhiteElo "2286"]
[BlackElo "2253"]
[PlyCount "166"]
[EventDate "2003.11.17"]
[EventType "team-tourn"]
[EventRounds "11"]
[EventCountry "ENG"]
[SourceTitle "EXT 2005"]
[Source "ChessBase"]
[SourceDate "2004.11.15"]
[SourceVersion "1"]
[SourceVersionDate "2004.11.15"]
[SourceQuality "1"]
[WhiteTeam "Micro Mark NWE II"]
[BlackTeam "Poisoned Pawns"]
[WhiteTeamCountry "ENG"]
[BlackTeamCountry "ENG"]

1. d4 f5 2. Nf3 Nf6 3. c4 g6 4. Nc3 Bg7 5. Bg5 d6 6. Bxf6 Bxf6 7. e4 c5 8. dxc5 Qa5 9. Qd2 Bxc3 10. bxc3 fxe4 11. Ng5 Bf5 12. g4 Bxg4 13. Nxe4 Nd7 14. Bg2 Nxc5 15. Qd4 0-0 16. Nxc5 dxc5 17. Qe3 Qc7 18. Rb1 Rab8 19. 0-0 e6 20. Rfe1 b6 21. Qg3 Qxg3 22. hxg3 Rbd8 23. Rb2 Rd3 24. Rc2 Rfd8 25. Bc6 R8d6 26. Bb7 Bf3 27. Bxf3 Rxf3 28. a4 Kf7 29. a5 bxa5 30. Ra1 Rdd3 31. Rxa5 Rxc3 32. Rxc3 Rxc3 33. Rxc5 Kf6 34. Ra5 Rxc4 35. Rxa7 h5 36. Kg2 Rc3 37. Ra5 e5 38. Ra6+ Kf5 39. Ra5 g5 40. Ra8 h4 41. gxh4 gxh4 42. Rf8+ Ke4 43. Rh8 h3+ 44. Kh2 Rf3 45. Rh4+ Rf4 46. Rxh3 Rxf2+ 47. Kg1 Rf3 48. Rh4+ Kd3 49. Ra4 Ke3 50. Ra3+ Kf4 51. Ra4+ e4 52. Ra8 Rb3 53. Rh8 Rf3 54. Rf8+ Ke3 55. Ra8 Rf4 56. Ra3+ Kd2 57. Ra2+ Kc3 58. Ra3+ Kb2 59. Re3 Kc2 60. Ra3 Rf7 61. Re3 Rf4 62. Ra3 Kd2 63. Ra2+ Kd1 64. Ra1+ Kc2 65. Ra2+ Kb3 66. Rf2 Rh4 67. Kf1 Kc3 68. Ke2 Kd4 69. Rg2 Rh1 70. Rg3 Rh2+ 71. Ke1 Rc2 72. Rh3 Kc4 73. Rg3 Ra2 74. Rh3 Ra7 75. Rg3 Rd7 76. Ke2 Rb7 77. Rh3 Rb2+ 78. Ke1 Kd4 79. Rg3 e3 80. Rg8 Rb5 81. Ke2 Rb2+ 82. Ke1 Kd3 83. Rd8+ Ke4 1/2-1/2

[Event "BCF-chT2 0304 (4NCL)"]
[Site "West Bromwich"]
[Date "2004.05.03"]
[Round "9.2"]
[White "Posazhennikov, Alex"]
[Black "Gayson, Peter"]
[Result "1-0"]
[WhiteElo "2253"]
[BlackElo "2239"]
[PlyCount "75"]
[EventDate "2003.11.17"]
[EventType "team-tourn"]
[EventRounds "11"]
[EventCountry "ENG"]
[SourceTitle "EXT 2005"]
[Source "ChessBase"]
[SourceDate "2004.11.15"]
[SourceVersion "1"]
[SourceVersionDate "2004.11.15"]
[SourceQuality "1"]
[WhiteTeam "Poisoned Pawns"]
[BlackTeam "White Rose"]
[WhiteTeamCountry "ENG"]
[BlackTeamCountry "ENG"]

1. e4 c5 2. d3 e6 3. f4 d5 4. Be2 dxe4 5. dxe4 Qxd1+ 6. Bxd1 Nc6 7. c3 e5 8. Nf3 exf4 9. Bxf4 Nge7 10. Nbd2 Ng6 11. Bg3 Be7 12. 0-0 Be6 13. Bb3 Bxb3 14. axb3 0-0 15. Nc4 h5 16. Rfd1 Rad8 17. Rd5 h4 18. Bc7 Rc8 19. Rd7 Rfe8 20. Bd6 Rcd8 21. Rxd8 Rxd8 22. Bxe7 Ngxe7 23. Nxh4 b5 24. Na5 Rd2 25. Nf3 Rxb2 26. Nxc6 Nxc6 27. Ra6 Ne7 28. Rxa7 Ng6 29. Ra8+ Kh7 30. Ng5+ Kh6 31. Nxf7+ Kh5 32. Rc8 Nf4 33. Rxc5+ Kg6 34. Ne5+ Kh7 35. g3 Nh3+ 36. Kf1 Rxb3 37. Nf3 Rb1+ 38. Kg2 1-0

[Event "BCF-chT2 0304 (4NCL)"]
[Site "West Bromwich"]
[Date "2004.05.02"]
[Round "8.2"]
[White "Lewis, Andrew P"]
[Black "Posazhennikov, Alex"]
[Result "1-0"]
[WhiteElo "2236"]
[BlackElo "2253"]
[PlyCount "51"]
[EventDate "2003.11.17"]
[EventType "team-tourn"]
[EventRounds "11"]
[EventCountry "ENG"]
[SourceTitle "EXT 2005"]
[Source "ChessBase"]
[SourceDate "2004.11.15"]
[SourceVersion "1"]
[SourceVersionDate "2004.11.15"]
[SourceQuality "1"]
[WhiteTeam "Barbican III"]
[BlackTeam "Poisoned Pawns"]
[WhiteTeamCountry "ENG"]
[BlackTeamCountry "ENG"]

1. c4 f5 2. g3 Nf6 3. Bg2 e5 4. d4 e4 5. Nc3 c6 6. Bg5 h6 7. Bxf6 Qxf6 8. f3 exf3 9. Nxf3 Bb4 10. 0-0 0-0 11. e4 Bxc3 12. bxc3 d6 13. exf5 Qxf5 14. Nh4 Qe6 15. Rxf8+ Kxf8 16. Qd3 Kg8 17. d5 Qe8 18. Rf1 Bg4 19. Be4 Bh5 20. Bh7+ Kh8 21. Bg6 Bxg6 22. Nxg6+ Kg8 23. Rf8+ Qxf8 24. Nxf8 Kxf8 25. Qf5+ Ke7 26. Qc8 1-0

[Event "BCF-chT2 0203 (4NCL)"]
[Site "West Bromwich"]
[Date "2003.05.05"]
[Round "11.3"]
[White "Posazhennikov, Alex"]
[Black "Mason, Donald"]
[Result "0-1"]
[WhiteElo "2262"]
[BlackElo "2256"]
[PlyCount "52"]
[EventDate "2002.11.??"]
[EventType "team-tourn"]
[EventRounds "11"]
[EventCountry "ENG"]
[SourceTitle "EXT 2004"]
[Source "ChessBase"]
[SourceDate "2003.11.25"]
[SourceVersion "1"]
[SourceVersionDate "2003.11.25"]
[SourceQuality "1"]
[WhiteTeam "Poisoned Pawns"]
[BlackTeam "Warwicks Select"]
[WhiteTeamCountry "ENG"]
[BlackTeamCountry "ENG"]

1. d4 e6 2. c4 f5 3. e4 fxe4 4. f3 d5 5. Nc3 Bb4 6. Qb3 Nc6 7. Be3 Nf6 8. 0-0-0 Bxc3 9. Qxc3 0-0 10. fxe4 Nxe4 11. Qc2 Bd7 12. Nf3 Be8 13. a3 Bh5 14. Be2 Bg6 15. Bd3 Bf5 16. Rde1 h6 17. c5 b6 18. Qa4 Ne7 19. Ne5 bxc5 20. g4 cxd4 21. Bxd4 c5 22. Nd7 cxd4 23. Nxf8 Nc5 24. Nxe6 Nxd3+ 25. Kd2 Bxe6 26. Rxe6 Nc5 0-1